Dealing With China / (Record no. 523567)
[ view plain ]
| 000 -LEADER | |
|---|---|
| fixed length control field | 00389nam a22001577a 4500 |
| 003 - CONTROL NUMBER IDENTIFIER | |
| control field | NUST |
| 020 ## - INTERNATIONAL STANDARD BOOK NUMBER | |
| International Standard Book Number | 9781472228727 |
| 038 ## - RECORD CONTENT LICENSOR | |
| Staff Name | waseem |
| 082 ## - DEWEY DECIMAL CLASSIFICATION NUMBER | |
| Classification number | 330.951 |
| Author Mark | PAU |
| 100 ## - MAIN ENTRY--PERSONAL NAME | |
| Personal name | Paulson, Henry M. |
| 9 (RLIN) | 14231 |
| 245 ## - TITLE STATEMENT | |
| Title | Dealing With China / |
| Statement of responsibility, etc. | Henry M. Paulson |
| 260 ## - PUBLICATION, DISTRIBUTION, ETC. | |
| Place of publication, distribution, etc. | United Kingdom : |
| Name of publisher, distributor, etc. | Headline Publisher, |
| Date of publication, distribution, etc. | 2015. |
| 300 ## - PHYSICAL DESCRIPTION | |
| Extent | 430 p. ; |
| 500 ## - GENERAL NOTE | |
| General note | Paperback. |
| 942 ## - ADDED ENTRY ELEMENTS (KOHA) | |
| Source of classification or shelving scheme | |
| Koha item type | Book |
| Withdrawn status | Lost status | Source of classification or shelving scheme | Damaged status | Not for loan | Permanent Location | Current Location | Shelving location | Date acquired | Source of acquisition | Total Checkouts | Full call number | Barcode | Date last seen | Price effective from | Koha item type |
|---|---|---|---|---|---|---|---|---|---|---|---|---|---|---|---|
| Central Library (CL) | Central Library (CL) | Chinese Studies | 04/27/2019 | Golden Book | 330.951 PAU | CL-14 | 04/27/2019 | 04/27/2019 | Book |
